|
|
|
|
| LEADER |
00717nam a2200181Ia 4500 |
| 001 |
CTU_33560 |
| 008 |
210402s9999 xx 000 0 und d |
| 082 |
|
|
|a 631.5
|
| 082 |
|
|
|b Ph561
|
| 100 |
|
|
|a Nguyễn Văn Phương
|
| 245 |
|
0 |
|a ảnh hưởng của các phương pháp sửa soạn đất trên độ thấm rút nước của đất phù sa khu Cái Khế (Cần Thơ)
|
| 245 |
|
0 |
|c Nguyễn Văn Phương
|
| 260 |
|
|
|a Cần Thơ
|
| 260 |
|
|
|b Viện Đại Học Cần Thơ - Đại Học Nông Nghiệp
|
| 260 |
|
|
|c 1974
|
| 650 |
|
|
|a plant-soil relationships,tillage
|
| 904 |
|
|
|i Minh, 991102
|
| 980 |
|
|
|a Trung tâm Học liệu Trường Đại học Cần Thơ
|